000 01153cab a2200361 4500
001 WB3239-23
008 090401t1996 xxu||||| |||| 00| 0 eng d
035 _a(Sirsi) u27377
041 _aeng
245 _aFT survey: PFI
260 _c1996
300 _aLOAN
350 _a0
490 _aFinancial Times
_vSupplement 18 October 1996, (10)
520 _aDespite bidding delays, the PFI is expected to be the main way of funding new capital projects. Survey includes interview with PFI Panel chairman Alastair Ross Goobey, new rules to encourage PFI, and developments in the various public sectors.
650 _aALASTAIR ROSS GOOBEY
650 _aEDUCATION SECTOR
650 _aHEALTH SECTOR
650 _aHOSPITALS
650 _aMANAGEMENT-BUSINESS MANAGEMENT-INFORMATION MANAGEMENT
650 _aLOCAL AUTHORITIES
650 _aPFI
650 _aPRISONS
650 _aPRIVATE FINANCE INITIATIVE
650 _aPRIVATE SECTOR
650 _aPUBLIC SECTOR
650 _aSCHOOLS
650 _aSCOTLAND
650 _aTRANSPORT
690 _aPROPERTY-PROPERTY FINANCE AND INVESTMENT
942 _n0
948 _c04/03/1997
999 _c18423
_d18423